| 000 | 00366nam a2200157Ia 4500 | ||
|---|---|---|---|
| 008 | 230312s9999||||xx |||||||||||||| ||und|| | ||
| 020 | _a9-2415442-60 | ||
| 082 |
_a362.11068 _bMCM-O |
||
| 100 | _aMcMahon,Rosemary | ||
| 245 | 0 | _aON Being in Charge | |
| 260 |
_bWHO _aIndia _c2002 |
||
| 300 | _a472 | ||
| 546 | _aEng. | ||
| 650 |
_aManagement _vINCHARGE |
||
| 942 | _cBK | ||
| 999 |
_c6535 _d6535 |
||